Normal view
MARC view
- Jenny Newman Edmhand. Chsict & Aileen La Tourette
Entry Personal Name
001 - CONTROL NUMBER
- control field: 3549
003 - CONTROL NUMBER IDENTIFIER
- control field: OSt
005 - DATE AND TIME OF LATEST TRANSACTION
- control field: 20200924131608.0
008 - FIXED-LENGTH DATA ELEMENTS
- fixed length control field: 200924|| aca||aabn | a|a d
040 ## - CATALOGING SOURCE
- Original cataloging agency: OSt
- Transcribing agency: OSt
100 ## - HEADING--PERSONAL NAME
- Personal name: Jenny Newman Edmhand. Chsict & Aileen La Tourette
670 ## - SOURCE DATA FOUND
- Source citation: Work cat.: (OSt)1610: Jenny Newman Edmhand. Chsict & Aileen La Tourette, The Writer's Work Book, c2000
